| 000 | 00944nam a22003137a 4500 | ||
|---|---|---|---|
| 003 | CHAP | ||
| 005 | 20220329140537.0 | ||
| 008 | 971013s1965 r 00010 d | ||
| 010 | _a53646 | ||
| 011 | _a54618 | ||
| 035 | _a58769 | ||
| 040 | _cCHAP | ||
| 090 | _aFolleto 4107 | ||
| 100 | 0 | 0 |
_aWheat Flour Institute. Chicago. _9121622 |
| 245 |
_aFrom wheat to flour _b: the story of man... in a grain of wheat |
||
| 260 |
_aChicago : _bThe Institute, _c1965 |
||
| 300 |
_a76 p. _b: ilus. |
||
| 590 |
_aBATCH-UPD _b10 _c20130110 _lUCH01 _h0555 |
||
| 590 |
_aBATCH-UPD _b10 _c20130410 _lUCH01 _h0237 |
||
| 590 |
_aBATCH-UPD _b10 _c20130914 _lUCH01 _h1601 |
||
| 590 |
_aCONVERSION _b10 _c20130109 _lUCH01 _h1329 |
||
| 650 | 1 | 4 |
_aHarina. _952679 |
| 650 | 1 | 4 |
_aHarina _xMolinos. _952685 |
| 650 | 1 | 4 |
_aPlanificación. _988736 |
| 650 | 1 | 4 |
_aTrigo. _9114954 |
| 901 | _aBK | ||
| 942 | _cFOLL | ||
| 949 |
_aFolleto 4107 _bBC _cFOLL _d-127380 _eTS1 _i58769 _mD _si |
||
| 999 |
_c53646 _d53646 |
||